000 00724nam a2200229 a 4500
001 BRCA_2697
005 20190320203928.0
008 021208s1960----nyua---###---#000-0#eng-u
050 4 _aND588.D8
_b.B75 1960
100 1 _aBrion, Marcel
_d1895-1984
_97635
245 1 0 _aDürer
_bHis Life and Work
_cby Marcel Brion ; translated from the French by James Cleugh.
260 _aNueva York
_bTudor
_c1960
300 _a320 p.
_bil.
_c21 cm.
500 _aIncluye lista de ilustraciones e índice de nombres.
500 _aAA48
600 1 4 _aDürer, Albrecht
_d1471-1528
_948
650 1 4 _aGrabadores alemanes
_97216
650 1 4 _aPintores alemanes
_9797
700 1 _aCleugh, James
_etr.
_97636
902 _aGFM
942 _2lcc
_cB
999 _c2437
_d2437